| 000 | 00000nam 2200000zi 4500 |
| 001 | 9.930731 |
| 003 | CaOODSP |
| 005 | 20240625141357 |
| 006 | m o d f |
| 007 | cr mn||||||||| |
| 008 | 231123t20202020onca ob f000 0 eng d |
| 040 | |aCaOODSP|beng|erda|cCaOODSP |
| 043 | |an-cn--- |
| 086 | 1 |aPS64-188/2020E-PDF |
| 245 | 00|a2020 environmental scan. |
| 264 | 1|a[Ottawa] : |bRoyal Canadian Mounted Police, |c[2020] |
| 264 | 4|c©2020 |
| 300 | |a1 online resource (160 pages) : |bcolour illustrations |
| 336 | |atext|btxt|2rdacontent |
| 337 | |acomputer|bc|2rdamedia |
| 338 | |aonline resource|bcr|2rdacarrier |
| 500 | |aIssued also in French under title: Analyse de l'environnement de 2020. |
| 500 | |a"© 2020 PricewaterhouseCoopers LLP ..."--Page 160. |
| 504 | |aIncludes bibliographical references. |
| 520 | |a"The RCMP's environmental scan seeks to identify key trends that can be used to plan for the future. It allows the RCMP to develop organizational strategies and helps us work more effectively with local, Indigenous, national and international law enforcement partners to keep Canada safe. We have identified six areas, which are critical when developing organizational strategies. These include: 1) national security and transitional and serious organized crime; 2) demographics and society; 3) the 4th industrial revolution; 4) protecting human rights; 5) climate change; 6) trust, confidence and transparency"--Provided by publisher. |
| 610 | 20|aRoyal Canadian Mounted Police|xPlanning. |
| 650 | 0|aStrategic planning|zCanada. |
| 710 | 2 |aRoyal Canadian Mounted Police, |eissuing body. |
| 775 | 08|tAnalyse de l'environnement de 2020.|w(CaOODSP)9.930736 |
| 794 | |t2023 environmental scan.|w(CaOODSP)9.925119 |
| 856 | 40|qPDF|s9.32 MB|uhttps://publications.gc.ca/collections/collection_2023/grc-rcmp/PS64-188-2020-eng.pdf |